Normal view
MARC view
Entry Personal Name
001 - CONTROL NUMBER
- control field: 31337
003 - CONTROL NUMBER IDENTIFIER
- control field: IT-RoPau
005 - DATE AND TIME OF LATEST TRANSACTION
- control field: 20140623102035.0
008 - FIXED-LENGTH DATA ELEMENTS
- fixed length control field: 140623|| aca||aabn | a|a d
040 ## - CATALOGING SOURCE
- Original cataloging agency: IT-RoPau
- Transcribing agency: IT-RoPau
100 ## - HEADING--PERSONAL NAME
- Personal name:
- Miscellaneous information: Codice autore musica SPICS: 5572
670 ## - SOURCE DATA FOUND
- Source citation: Work cat.: (IT-RoPau)102256: Haydn Franz Joseph 31335, String Quartet op.76, op.77 e op.103